|
|
|
|
| LEADER |
01048nam a2200289za 4500 |
| 001 |
001129291 |
| 003 |
CZ BrMZK |
| 005 |
20101217064222.0 |
| 007 |
ta |
| 008 |
100430s2010 gw gr 000 f ger |
| 020 |
|
|
|a 978-3-462-04188-0
|q (váz.)
|
| 040 |
|
|
|a BOA001
|b cze
|
| 072 |
|
7 |
|a 821.112.2-3
|x Německá próza, německy psaná
|2 Konspekt
|9 25
|
| 080 |
|
|
|a 821.112.2-31
|2 MRF
|
| 080 |
|
|
|a (0:82-31)
|2 MRF
|
| 100 |
1 |
|
|a Faktor, Jan,
|d 1951-
|7 jn20020723132
|4 aut
|
| 245 |
1 |
0 |
|a Georgs Sorgen um die Vergangenheit, oder, Im Reich des heiligen Hodensack-Bimbams von Prag :
|b Roman /
|c Jan Faktor
|
| 246 |
3 |
0 |
|a Im Reich des heiligen Hodensack-Bimbams von Prag
|
| 250 |
|
|
|a 2. Aufl.
|
| 260 |
|
|
|a Köln :
|b Kiepenheuer & Witsch,
|c 2010
|
| 300 |
|
|
|a 636 s. ;
|c 21 cm
|
| 541 |
|
|
|a 20.2.2010
|
| 655 |
|
7 |
|a německy psané romány
|7 fd132937
|2 czenas
|
| 910 |
2 |
|
|a BOA001
|b NK-0005.968
|
| 990 |
|
|
|a BK
|
| 991 |
|
|
|b 201012
|e b
|z 000051639
|x 44
|
| 996 |
7 |
|
|b 261D007975
|c NK-0005.968
|l Německá knihovna/2.patro
|r ZHR
|n 9
|p dar
|h B-fak
|w 001158341
|u 000010
|a 0
|e BOA001
|j MZK50
|s A
|